| 000 | 00421nam a2200157Ia 4500 | ||
|---|---|---|---|
| 008 | 210210b1982 xxu||||| |||| 00| 0 eng d | ||
| 020 | _a0 02 476810 3 | ||
| 082 | _a512.5 SCHL | ||
| 100 | _aSCHNEIDER (Dennis M) & Others. | ||
| 245 | _aLinear algebra: a concrete introduction. | ||
| 260 |
_aNY _bMacmillan Publishers Ltd. _c1982 |
||
| 300 | _axi,347 | ||
| 650 | _aLinear algebra | ||
| 690 | _aAlgebra | ||
| 906 | _a046872 | ||
| 999 |
_c96388 _d96388 |
||